Solution and strategies to overcome urban proverty

Bibliographic Details
Main Author: Quinones, Benjamin R.
Corporate Author: National conference on urban proverty
Format: Book
Published: Kuala Lumpur : Grand Seasons Hotel , 2002
Subjects:

MARC

LEADER 00000cam a2200000 7i4500
001 0000016291
005 20060427.0
040 |a INS 
090 0 0 |a KK175 
100 1 |a Quinones, Benjamin R. 
245 1 0 |a Solution and strategies to overcome urban proverty   |c Benjamin R.Quinones 
260 |a Kuala Lumpur :   |b Grand Seasons Hotel ,   |c 2002 
300 |a 11p. :   |b ill ;   |c 30cm. 
500 |a Paper presented at National conference on urban proverty held on 1st November 2002 at Grand Seasons Hotel Kula Lumpur 
650 0 0 |a Urban Proverty 
710 1 |a National conference on urban proverty   |n 1st   |k 2002 ,   |c Kuala Lumpur 
999 |a KK00000420   |b BOOK   |c Course Notes   |e Default branch 
999 |a KK00000421   |b BOOK   |c Course Notes   |e Default branch 
999 |a KK00000422   |b BOOK   |c Course Notes   |e Default branch 
999 |a KK00000423   |b BOOK   |c Course Notes   |e Default branch